Institutional development: Incentives to performance (Record no. 224316)

000 -LEADER
fixed length control field 00403cam a22001217a 4500
008 - FIXED-LENGTH DATA ELEMENTS--GENERAL INFORMATION
fixed length control field 180718b1987 xxu||||| |||| 00| 0 eng d
082 ## - DEWEY DECIMAL CLASSIFICATION NUMBER
Classification number T000 IN8i
100 ## - MAIN ENTRY--PERSONAL NAME
Personal name Israel, Arthuro
245 ## - TITLE STATEMENT
Title Institutional development: Incentives to performance
Statement of responsibility, etc. by Arthuro Israel
260 ## - PUBLICATION, DISTRIBUTION, ETC.
Place of publication, distribution, etc. Baltimore and London
Name of publisher, distributor, etc. The Johns Hopkins University Press
Date of publication, distribution, etc. 1987
300 ## - PHYSICAL DESCRIPTION
Extent 214p.
650 ## - SUBJECT ADDED ENTRY--TOPICAL TERM
Topical term or geographic name entry element Economic Development - Project
Holdings
Withdrawn status Lost status Damaged status Not for loan Permanent Location Current Location Date acquired Full call number Barcode Date last seen Price effective from Koha item type
        Indian Institute of Public Administration Indian Institute of Public Administration 1993-05-03 T000 IN8i WB1580 2018-07-20 2018-07-20 WB

Powered by Koha